Statistiques concernant Culture Générale - Série 2431

Cliquez ici pour prendre le quiz!

Statistiques générales

  • Ce quiz a été pris 132 fois
  • Le résultat moyen est 6 sur 10

Statistiques - réponses

QuestionRéponse% Correct
Dans quel fleuve français l'Yonne se jette-t-elle ?Seine
86%
Quelle est la monnaie du Maroc ?dirham
80%
Quel était l'instrument de prédilection d'Yvette Horner (1922-2018) ?accordéon
78%
De quel roi de France la marquise de Pompadour était-elle la favorite ?Louis XV
70%
A quelle danse associe-t-on Carlos Gardel (1890-1935) ?tango
70%
De quel département Foix est-il le chef-lieu ?Ariège
63%
Spécialité de Romans (26) constituée de carrés de pâte farcis au fromage et au persil et cuits à l'​eau.raviole
56%
De quel pays Banjul est-elle la capitale ? voir drapeauGambie
50%
Dans quelle ville habitent les Bisontins ?Besançon
48%
Quel est le saint patron des boulangers ?Honoré
43%

Distribution des résultats

Percentile par nombre de réponses

% des personnes avec chaque résultat

Votre développement - résultats

Vous n’avez pas pris ce quiz